Principles and Applications of Electrical Engineering / (Record no. 885)
[ view plain ]
| 000 -LEADER | |
|---|---|
| fixed length control field | 00666nac a22002051u 4500 |
| 008 - FIXED-LENGTH DATA ELEMENTS--GENERAL INFORMATION | |
| fixed length control field | 110704s2004 mau|||||r|||| 001 0 eng d |
| 010 ## - LIBRARY OF CONGRESS CONTROL NUMBER | |
| LC control number | 2003053983 |
| 020 ## - INTERNATIONAL STANDARD BOOK NUMBER | |
| International Standard Book Number | 0072887710 |
| 020 ## - INTERNATIONAL STANDARD BOOK NUMBER | |
| International Standard Book Number | 9780072887716 |
| 082 00 - DEWEY DECIMAL CLASSIFICATION NUMBER | |
| Classification number | 621.3 |
| Item number | RIZ |
| Edition number | 22 |
| 100 ## - MAIN ENTRY--PERSONAL NAME | |
| Personal name | Rizzoni, Giorgio. |
| 9 (RLIN) | 26128 |
| 245 10 - TITLE STATEMENT | |
| Title | Principles and Applications of Electrical Engineering / |
| Statement of responsibility, etc | Giorgio Rizzoni. |
| 250 ## - EDITION STATEMENT | |
| Edition statement | 4th ed. & rev. |
| 260 ## - PUBLICATION, DISTRIBUTION, ETC. (IMPRINT) | |
| Place of publication, distribution, etc | Boston : |
| Name of publisher, distributor, etc | McGraw-Hill Higher Education, 2004 |
| Date of publication, distribution, etc | 2004. |
| 300 ## - PHYSICAL DESCRIPTION | |
| Extent | xviii, 1022 p. : |
| Other physical details | ill. ; |
| Dimensions | 26 cm. + |
| Accompanying material | 1 CD-ROM (4 3/4 in.) |
| 500 ## - GENERAL NOTE | |
| General note | Includes index. |
| 650 #0 - SUBJECT ADDED ENTRY--TOPICAL TERM | |
| Topical term or geographic name as entry element | Electric engineering. |
| 9 (RLIN) | 26129 |
| 653 ## - INDEX TERM--UNCONTROLLED | |
| Resource For college | |
| 942 ## - ADDED ENTRY ELEMENTS (KOHA) | |
| Item type | Book - Borrowing |
| Call number prefix | 621.3 RIZ |
| Source of classification or shelving scheme | Dewey Decimal Classification |
| Withdrawn status | Item status | Damaged status | Not for loan | Home library | Current library | Shelving location | Date acquired | Source of acquisition | Cost, normal purchase price | Total Checkouts | Full call number | Barcode | Date last seen | Cost, replacement price | Koha item type | Total Renewals | Date last borrowed | Source of classification or shelving scheme | Vendor |
|---|---|---|---|---|---|---|---|---|---|---|---|---|---|---|---|---|---|---|---|
| Central Library | Central Library | First floor | 06/08/2009 | Purchase | 262.50 | 621.3 RIZ | 000003644 | 15/07/2025 | 232.50 | Book - Borrowing | |||||||||
| Central Library | Central Library | First floor | 07/02/2006 | Purchase | 262.50 | 2 | 621.3 RIZ | 000002422 | 15/07/2025 | 232.50 | Book - Borrowing | 7 | 22/03/2015 | ||||||
| Central Library | Central Library | First floor | 04/07/2011 | 262.50 | 621.3 RIZ | 000006864 | 24/08/2022 | 232.50 | CD | DVD - With book (NB) | Dewey Decimal Classification | |||||||||
| Central Library | Central Library | First floor | 04/07/2011 | 262.50 | 621.3 RIZ | 000006865 | 24/08/2022 | 232.50 | CD | DVD - With book | Dewey Decimal Classification |